Příspěvek ke zlepšení umělého chovu štik /

Hlavní autor: Havelka, Josef, 1913-1983
Další autoři: Volf, František, 1898-1979, Janovský, V., rybářství
Jazyk: Čeština
Vydáno: Praha : Ústav vědeckotechnických informací ministerstva zemědělství a lesního hospodářství, 1966
Témata:
Fyzický popis: s. 693-702
Knihy
Uloženo v:
LEADER 01118nam a2200289 a 4500
001 000601350
003 CZ BrMZK
005 20180327103702.0
008 020520s1966 xr f cze d
040 |a BOA001  |b cze  |c BOA001 
072 7 |a 639.2/.6  |x Rybářství  |2 Konspekt  |9 24 
080 |a 597.552.1  |2 MRF 
080 |a 639.3  |2 MRF 
080 |a (0.036.6)  |2 MRF 
100 1 |a Havelka, Josef,  |d 1913-1983  |7 jz8000335  |4 aut 
245 1 0 |a Příspěvek ke zlepšení umělého chovu štik /  |c Josef Havelka, F. Volf, V. Janovský 
260 |a Praha :  |b Ústav vědeckotechnických informací ministerstva zemědělství a lesního hospodářství,  |c 1966 
300 |a s. 693-702 
500 |a Separát z: Živočišná výroba, 11(39), 1966, č.9 
650 0 7 |a štika  |7 ph116834  |2 czenas 
650 0 7 |a chov ryb  |7 ph134819  |2 czenas 
655 7 |a separáty  |7 fd131867  |2 czenas 
700 1 |a Volf, František,  |d 1898-1979  |7 jk01150495  |4 aut 
700 1 |a Janovský, V.,  |c rybářství  |4 aut 
910 |a BOA001  |b X-0574.163 
990 |a BK 
996 6 |b 2618938099  |c X-0574.163  |l MZK  |r Sklad / do 24 hodin  |n 0  |w 000601350  |u 000010  |a 1  |e BOA001  |j MZK50  |s P